Countries of the World in Reverse Alphabetical Order - Statistics

General Stats
  • This quiz has been taken 167 times
  • The average score is 92 of 196
Answers on the Map
Answers color-coded by a green-red scale on the quiz's map according to % correct below.
 
Answer Stats
Country % Correct
Zimbabwe
100%
Zambia
91%
Yemen
89%
Vatican City
78%
Venezuela
78%
Vanuatu
76%
Vietnam
76%
Uzbekistan
72%
United Arab Emirates
70%
United Kingdom
70%
United States
70%
Uruguay
70%
Tuvalu
69%
Thailand
67%
Togo
67%
Turkey
67%
Turkmenistan
67%
Uganda
67%
Tanzania
65%
Tonga
65%
Trinidad and Tobago
65%
Tunisia
65%
Ukraine
65%
Tajikistan
63%
Taiwan
61%
South Korea
59%
South Sudan
59%
Spain
59%
Sudan
59%
Switzerland
59%
Syria
59%
Somalia
57%
South Africa
57%
Suriname
57%
Sweden
57%
Qatar
56%
Russia
56%
Slovakia
56%
Slovenia
56%
Papua New Guinea
54%
Peru
54%
Poland
54%
Romania
54%
Rwanda
54%
Saint Kitts and Nevis
54%
Saint Lucia
54%
Senegal
54%
Singapore
54%
North Korea
52%
Oman
52%
Pakistan
52%
Philippines
52%
Saint Vincent and the Grenadines
52%
Samoa
52%
Sri Lanka
52%
New Zealand
50%
Nicaragua
50%
Niger
50%
Nigeria
50%
Norway
50%
Portugal
50%
San Marino
50%
Seychelles
50%
Sierra Leone
50%
Haiti
48%
Honduras
48%
Iceland
48%
India
48%
Indonesia
48%
Ireland
48%
Ivory Coast
48%
Jamaica
48%
Japan
48%
Montenegro
48%
Namibia
48%
Nauru
48%
North Macedonia
48%
Palau
48%
Panama
48%
Paraguay
48%
Republic of the Congo
48%
São Tomé and Príncipe
46%
Djibouti
46%
Estonia
46%
Ethiopia
46%
Fiji
46%
Finland
46%
Gabon
46%
Guatemala
46%
Guinea
46%
Guinea-Bissau
46%
Guyana
46%
Jordan
46%
Kosovo
46%
Kuwait
46%
Luxembourg
46%
Malaysia
46%
Maldives
46%
Mauritius
46%
Mongolia
46%
Morocco
46%
Mozambique
46%
Netherlands
46%
Solomon Islands
46%
Denmark
44%
Eritrea
44%
France
44%
Hungary
44%
Iran
44%
Iraq
44%
Israel
44%
Italy
44%
Kazakhstan
44%
Kyrgyzstan
44%
Liechtenstein
44%
Lithuania
44%
Madagascar
44%
Mali
44%
Mauritania
44%
Mexico
44%
Monaco
44%
Myanmar
44%
Serbia
44%
Cyprus
43%
Eswatini
43%
Ghana
43%
Kenya
43%
Laos
43%
Latvia
43%
Malawi
43%
Malta
43%
Nepal
43%
Colombia
41%
Czech Republic
41%
Dominica
41%
Dominican Republic
41%
Ecuador
41%
Egypt
41%
El Salvador
41%
Gambia
41%
Greece
41%
Grenada
41%
Kiribati
41%
Lebanon
41%
Afghanistan
39%
Chile
39%
China
39%
Comoros
39%
East Timor
39%
Equatorial Guinea
39%
Federated States of Micronesia
39%
Germany
39%
Lesotho
39%
Liberia
39%
Libya
39%
Moldova
39%
Saudi Arabia
39%
Burundi
37%
Cambodia
37%
Canada
37%
Democratic Republic of the Congo
37%
Marshall Islands
37%
Bolivia
35%
Botswana
35%
Costa Rica
35%
Croatia
35%
Cuba
35%
Georgia
35%
Albania
33%
Bhutan
33%
Brazil
33%
Algeria
31%
Belize
31%
Burkina Faso
31%
Cameroon
31%
Cape Verde
31%
Chad
31%
Belarus
30%
Bosnia and Herzegovina
30%
Bulgaria
30%
Andorra
28%
Angola
28%
Antigua and Barbuda
28%
Argentina
28%
Armenia
28%
Australia
28%
Austria
28%
Azerbaijan
28%
Barbados
28%
Benin
28%
Brunei
28%
Bahamas
26%
Bangladesh
26%
Belgium
26%
Central African Republic
26%
Bahrain
22%
No matching quizzes found
Score Distribution
Percent of People with Each Score
Percentile by Number Answered
Your Score History
You have not taken this quiz